Suomi-Henkilövisa 2 - Statistics

Yleistilastot
  • Tätä visaa on pelattu 259 kertaa
  • Keskiarvotulos 8 / 16
Vastaustilastot
Kuvavisa Vastaus % Oikein
Jussi Halla-Aho
89%
Mikko Leppilampi
80%
Jaakko Saariluoma
78%
Jussi Vatanen
76%
Juice Leskinen
74%
Esko Kovero
63%
Sofi Oksanen
61%
Kyllikki Saari
47%
Alvar Aalto
42%
Simo Salminen
41%
Jaakko Ilkka
29%
Lauri Törni
23%
Markku Aro
21%
Pehr Evind Svinhufvud
19%
Eugen Schauman
6%
Pentti Saarikoski
4%
Ehtoja vastaavia visoja ei löytynyt
Tulosjakauma
Jokaisen tuloksen saaneiden osuus
Persentiili vastausten määrän mukaan
Tuloshistoriasi
Et ole pelannut tätä visaa